| 000 | 00000nam##2200000za#4500 |
| 001 | 9.608353 |
| 003 | CaOODSP |
| 005 | 20210624213601 |
| 007 | cr ||||||||||| |
| 008 | 150406|2015||||xxc|||||o f|0| 0 fre|d |
| 040 | |aCaOODSP|bfre |
| 043 | |an-cn--- |
| 086 | 1 |aXC60-1/1-412-3F-PDF |
| 110 | 1 |aCanada.|bChambre des communes. |bComité permanent des langues officielles. |
| 245 | 13|aLa situation économique des communautés de langue officielle en situation minoritaire : |h[ressource électronique]|bbâtir des économies durables et croissantes / |cLe président : l'hon. Michael Chong. |
| 260 | |aOttawa - Ontario : |bChambre des communes. |cMars 2015. |
| 300 | |a84p.|bréférences |
| 490 | 1 |aRapport du Comité permanent des langues officielles|vTroisième rapport, 41e législature, 2e session |
| 500 | |aDate originale de publication: 2015/03/13; date de publication: 2015/03/20. |
| 590 | |a15-12|b2015-03-20 |
| 590 | |a15-13|b2015-03-27 |
| 775 | 08|tThe economic situation of official language minority communities : |w(CaOODSP)9.581578 |
| 830 | #0|aRapport du Comité permanent des langues officielles ;|vTroisième rapport, 41e législature, 2e session|w(CaOODSP)9.503702 |
| 856 | 40|ahttp://publications.gc.ca|qPDF|s1.75 Mo|uhttps://publications.gc.ca/collections/collection_2015/parl/xc60-1/XC60-1-1-412-3-fra.pdf|yTroisième rapport, 41e législature, 2e session |